000 01302nam a2200337Ia 4500
001 ebr10250902
003 CaPaEBR
006 m u
007 cr cn|||||||||
008 050727r20051996enka fsb 001 0 eng d
020 _z9780826479266
020 _z082647926X
040 _aCaPaEBR
_cCaPaEBR
035 _a(OCoLC)320324880
050 1 4 _aAM7
_b.M35 2005eb
245 0 0 _aMaking histories in museums
_h[electronic resource] /
_cedited by Gaynor Kavanagh.
260 _aLondon ;
_aNew York :
_bContinuum,
_c[2005]
300 _axv, 285 p. :
_bill.
490 1 _aContinuum collection
500 _aOriginally published: London: Leicester University Press, 1996.
504 _aIncludes bibliographical references and index.
533 _aElectronic reproduction.
_bPalo Alto, Calif. :
_cebrary,
_d2009.
_nAvailable via World Wide Web.
_nAccess may be limited to ebrary affiliated libraries.
650 0 _aMuseums
_xHistory.
650 0 _aHistorical museums
_xHistory.
650 0 _aMuseum techniques
_xHistory.
655 7 _aElectronic books.
_2local
700 1 _aKavanagh, Gaynor.
710 2 _aebrary, Inc.
830 0 _aContinuum collection.
856 4 0 _uhttp://site.ebrary.com/lib/rucke/Doc?id=10250902
_zAn electronic book accessible through the World Wide Web; click to view
999 _c35782
_d35782